| 000 | 00535nam a2200217Ia 4500 | ||
|---|---|---|---|
| 005 | 20250425162628.0 | ||
| 008 | 250425s9999 xx 000 0 und d | ||
| 020 | _a9978338063 | ||
| 041 | _aspa | ||
| 043 | _aec | ||
| 082 | _a336.2 | ||
| 100 | _aSÁNCHEZ CARRIÓN, GILBERTO | ||
| 245 | 0 | _aLA TABLITA TRIBUTARIA Y LABORAL | |
| 250 | _a37A ED. | ||
| 260 |
_aEcuador _bSANCHEZ CARRION, GILBERTO _c2014 |
||
| 260 |
_aQUITO _bEDICIONES EDYPE |
||
| 300 | _a18 | ||
| 650 | _aIMPUESTO A LA RENTA | ||
| 942 | _c01 | ||
| 010 | _a91155 | ||
| 999 |
_c233168 _d233168 |
||